000 00997nam a2200217 i 4500
001 41753
003 ES-MaACL
005 20230915210259.0
007 t|
008 030311m18301831sp |||| | spa d
100 1 _aCastellanos de Losada, Basilio Sebastián,
_d1807-1891
_936540
245 1 0 _aRetrato actual y antiguo de la muy H.N.L.I. y C. Villa y Corte de Madrid, que comprende la historia desde su fundacion hasta el dia ... /
_cpor D. Basilio Castellanos ... ; tomo primerro [-segundo].
260 _aMadrid :
_bEusebio Álvarez,
_c1830-1831 (
_fImp. T. Jordan)
300 _a2 v. (440 ; [2], 536 p., p.417-461, [1], [1] en bl.) ;
_c17 cm.
530 _aDisponible en formato digital.
651 4 _aMadrid-
_xDescripción.
_98952
651 4 _aMadrid-
_xHistoria-
_yS.XIX.
_98969
852 _x
_aBA
_jR-2278-79 Olim: G-2079-80
856 _uhttp://bvpb.mcu.es/es/consulta/registro.do?id=576575
_zBiblioteca Virtual del Patrimonio Bibliográfico
999 _c41753
_d41753